000 00246nam a2200097Ia 4500
008 230907s9999||||xx |||||||||||||| ||und||
082 _a363.1
_bTRA
245 0 _aTransport planning & traffic safety :
300 _axxiii., 361 pages :
942 _cBK
999 _c600476
_d600476